LEADER 00742nam0 2200253 450 001 9910577101403321 005 20220704100400.0 010 $a9780241004104 100 $a20220704d2021----km y0itay50 ba 101 0 $aeng 102 $aUS 105 $ay 001yy 200 1 $a<>Greek revolution$e1821 and the making of modern Europe$fMark Mazower 210 $a[New York]$cPenguin Books$d2021 215 $aXXXIV, 574 p., [7] carte di tav.$cill.$d24 cm 676 $a949.506$v23$zita 700 1$aMazower,$bMark$0314120 801 0$aIT$bUNINA$gREICAT$2UNIMARC 901 $aBK 912 $a9910577101403321 952 $a949.506 MAZM 01$b2022/1784$fFLFBC 959 $aFLFBC 996 $aGreek revolution$92882474 997 $aUNINA